[Event "AUTO-OPEN-3222"]
[Site "http://www.queenalice.com/game.php?id=1268998"]
[Date "2014.3.29"]
[Round "1"]
[White "Jac"]
[Black "dladuke7"]
[Result "1-0"]
[WhiteElo "1747"]
[BlackElo "1658"]

1. e4 e5 2. Nf3 Nc6 3. Bc4 h6 4. Nc3 Nf6 5. O-O Bc5 6. Nd5 Nxe4 7. d3 Nxf2 8.
Rxf2 Bxf2+ 9. Kxf2 d6 10. c3 Bg4 11. Kg1 Ne7 12. Qf1 Bxf3 13. Qxf3 Nxd5 14. Qxd5
O-O 15. Qxb7 Re8 16. Qf3 Rf8 17. b4 a6 18. a4 Qd7 19. Qg3 Qf5 20. Bxh6 Qf6 21.
Be3 g6 22. Rf1 Qe7 23. Qh3 g5 24. Qh5 Kg7 25. Bxg5 f6 26. Qh6# 1-0

[Event "AUTO-OPEN-3222"]
[Site "http://www.queenalice.com/game.php?id=1269013"]
[Date "2014.3.29"]
[Round "1"]
[White "Jac"]
[Black "mauricio_sm"]
[Result "0-1"]
[WhiteElo "1769"]
[BlackElo "1957"]

1. e4 c5 2. Nf3 d6 3. Nc3 Nf6 4. Bb5+ Bd7 5. Bxd7+ Qxd7 6. O-O Nc6 7. d3 e6 8.
Bg5 Be7 9. Bxf6 Bxf6 10. Re1 O-O 11. a3 Nd4 12. Nxd4 Bxd4 13. Qf3 Qe7 14. Rad1
Qf6 15. Qxf6 Bxf6 16. f4 Bxc3 17. bxc3 Rac8 18. a4 Rc6 19. e5 d5 20. Rb1 Rb8 21.
d4 cxd4 22. cxd4 b6 23. a5 Kf8 24. axb6 axb6 25. Rb2 Rc4 26. Rd1 b5 27. Rd3 b4
28. g3 Rbc8 29. Rdb3 Rxd4 30. Rxb4 Rd1+ 31. Kg2 Rd2+ 32. Kh3 Rdxc2 33. Rxc2 Rxc2
34. Rb8+ Ke7 35. Rb7+ Ke8 36. Rb8+ Kd7 37. Rb7+ Rc7 38. Rxc7+ Kxc7 39. Kg2 Kc6
40. Kf2 Kc5 41. Ke3 Kc4 42. h3 Kc3 43. g4 d4+ 44. Ke2 Kc2 0-1

[Event "AUTO-OPEN-3222"]
[Site "http://www.queenalice.com/game.php?id=1269014"]
[Date "2014.3.29"]
[Round "1"]
[White "mauricio_sm"]
[Black "Jac"]
[Result "1-0"]
[WhiteElo "1970"]
[BlackElo "1786"]

1. e4 e5 2. Nf3 Nc6 3. d4 exd4 4. Nxd4 Nxd4 5. Qxd4 d6 6. Bc4 Be6 7. O-O Nf6 8.
Bg5 Be7 9. Nc3 Bxc4 10. Qxc4 O-O 11. Rad1 Re8 12. f4 Qc8 13. Nd5 Nxd5 14. Qxd5
c6 15. Qb3 Bxg5 16. fxg5 Rxe4 17. Rxf7 Kh8 18. Qxb7 Qxb7 19. Rxb7 d5 20. Rf1 Kg8
21. Rff7 Re2 22. Rxg7+ Kf8 23. Rxh7 Kg8 24. c3 Rxb2 25. Rxa7 Rxa7 26. Rxa7 Rc2
27. Ra3 Kg7 28. h4 Kg6 29. g4 c5 30. Ra6+ Kh7 31. Rd6 Rxa2 32. Rxd5 Ra1+ 33. Kf2
Rh1 34. Kg3 1-0

[Event "ChessColossos"]
[Site "http://www.queenalice.com/game.php?id=1269022"]
[Date "2014.3.29"]
[Round "2"]
[White "Gera"]
[Black "Jac"]
[Result "1-0"]
[WhiteElo "2031"]
[BlackElo "1729"]

1. c4 Nf6 2. d4 e6 3. Nc3 Bb4 4. Bd2 Bxc3 5. Bxc3 c6 6. Qc2 O-O 7. e4 d5 8. e5
Ne4 9. b3 Nxc3 10. Qxc3 Nd7 11. Bd3 Nb6 12. Ne2 dxc4 13. bxc4 Nd7 14. O-O b6 15.
Ng3 Bb7 16. Ne4 c5 17. Nd6 Bc6 18. f4 Qh4 19. Rad1 Qg4 20. Rd2 a5 21. Rdf2 Rad8
22. h3 Qh5 23. Kh2 f6 24. Be2 Qg6 25. g4 fxe5 26. f5 exf5 27. Nxf5 exd4 28. Qc2
Ne5 29. Ne7+ 1-0

[Event "AUTO-OPEN-3243"]
[Site "http://www.queenalice.com/game.php?id=1277361"]
[Date "2014.4.29"]
[Round "1"]
[White "twiddledeedum"]
[Black "Jac"]
[Result "0-1"]
[WhiteElo "1711"]
[BlackElo "1725"]

1. e4 e5 2. Nf3 Nc6 3. Bb5 Nge7 4. Bxc6 Nxc6 5. Nc3 Bb4 6. Nd5 d6 7. a3 Ba5 8.
b4 Bb6 9. h3 O-O 10. c3 Ne7 11. Nxb6 axb6 12. d4 exd4 13. cxd4 b5 14. e5 dxe5
15. Nxe5 Re8 16. O-O Nd5 17. Qf3 Be6 18. Qg3 Qd6 19. Bf4 Nxf4 20. Qxf4 f6 21.
Rad1 fxe5 22. dxe5 Qb6 23. h4 Rf8 24. Qe3 Qxe3 25. Rfe1 Qxa3 0-1

[Event "AUTO-OPEN-3243"]
[Site "http://www.queenalice.com/game.php?id=1277362"]
[Date "2014.4.29"]
[Round "1"]
[White "Jac"]
[Black "twiddledeedum"]
[Result "1-0"]
[WhiteElo "1714"]
[BlackElo "1744"]

1. e4 e5 2. Nf3 d6 3. Bc4 h6 4. Nc3 Nf6 5. d3 Qe7 6. O-O Bg4 7. h3 Be6 8. Bxe6
Qxe6 9. b3 Nc6 10. Bb2 d5 11. exd5 Nxd5 12. Nxd5 Qxd5 13. Re1 f6 14. d4 O-O-O
15. dxe5 fxe5 16. Qxd5 Rxd5 17. Nxe5 Nxe5 18. Bxe5 Rg8 19. Bh2 Bd6 20. Bxd6 Rxd6
21. Re7 Rd7 22. Rxd7 Kxd7 23. Rd1+ Kc6 24. c4 a5 25. g4 g5 26. Rd5 b6 27. Kg2
Re8 28. Rf5 Re6 29. Kg3 Kd6 30. f3 Re5 31. Rf6+ Re6 32. Rf5 Re5 33. Rf6+ Re6 34.
Rxe6+ Kxe6 35. h4 Kf6 36. f4 gxf4+ 37. Kxf4 c6 38. g5+ hxg5+ 39. hxg5+ Kg6 40.
Ke5 Kxg5 41. Kd6 b5 42. cxb5 cxb5 43. Kc5 b4 44. Kb5 1-0

[Event "AUTO-OPEN-3243"]
[Site "http://www.queenalice.com/game.php?id=1277391"]
[Date "2014.4.29"]
[Round "1"]
[White "Jac"]
[Black "laspaw"]
[Result "0-1"]
[WhiteElo "1751"]
[BlackElo "1481"]

1. e4 d5 2. exd5 Qxd5 3. Nc3 Qa5 4. Nf3 Nf6 5. Bd3 Bg4 6. O-O Nc6 7. h3 Bxf3 8.
Qxf3 O-O-O 9. Re1 e6 10. a3 Be7 11. Bb5 Nd4 12. Qd3 Nb3 13. Qf3 Nxa1 14. Bf1
Nxc2 15. Re2 Nd4 16. Qg3 Nxe2+ 17. Bxe2 Rdg8 18. b4 Qb6 19. d3 g5 20. Be3 Qc6
21. Ne4 Nxe4 22. dxe4 Qc2 23. Bf1 Qxe4 0-1

[Event "AUTO-OPEN-3243"]
[Site "http://www.queenalice.com/game.php?id=1277392"]
[Date "2014.4.29"]
[Round "1"]
[White "laspaw"]
[Black "Jac"]
[Result "1-0"]
[WhiteElo "1750"]
[BlackElo "1717"]

1. e4 e5 2. Nf3 Nc6 3. Bb5 Nge7 4. O-O g6 5. c3 Bg7 6. d4 exd4 7. cxd4 a6 8.
Bxc6 Nxc6 9. Nc3 O-O 10. Bf4 d6 11. Qd2 Bg4 12. d5 Bxf3 13. dxc6 Bxc3 14. Qxc3
Bxe4 15. Bh6 f6 16. Bxf8 Qxf8 17. Qb3+ Kg7 18. Qxb7 Qc8 19. Rfe1 Qxb7 20. cxb7
Bxb7 21. Re7+ Kh6 22. Rxc7 Be4 23. Re1 Bf5 24. Rd1 Rb8 25. b3 a5 26. h4 Re8 27.
Ra7 Re5 28. Ra6 Bc2 29. Rc1 Bd3 30. Rxd6 Bf5 31. Rxf6 Re2 32. a4 Bc2 33. Rb6 Bf5
34. Rb5 Rb2 35. Rc3 Rb1+ 36. Kh2 Rb2 37. f3 Be6 38. h5 Bf7 39. hxg6 hxg6 40. f4
Be6 41. Re3 Bf5 42. Rxa5 Kh5 43. Kg3 Kh6 44. Ra7 1-0

[Event "AUTO-OPEN-3243"]
[Site "http://www.queenalice.com/game.php?id=1277393"]
[Date "2014.4.29"]
[Round "1"]
[White "Jac"]
[Black "Karjaking"]
[Result "0-1"]
[WhiteElo "1717"]
[BlackElo "1612"]

1. e4 e5 2. Nf3 d6 3. Nc3 f5 4. d3 Nf6 5. Bg5 Nc6 6. Nd5 Be7 7. Nxe7 Qxe7 8. Qd2
O-O 9. O-O-O h6 10. Bxf6 Qxf6 11. h3 a5 12. h4 fxe4 13. dxe4 Be6 14. Kb1 Nb4 15.
b3 Rfd8 16. Qe3 a4 17. Be2 axb3 18. cxb3 Rxa2 19. Rd2 Rda8 20. Rxa2 Rxa2 21. Nd2
Qf7 22. Bc4 Ra1+ 23. Kxa1 Nc2+ 0-1

[Event "AUTO-OPEN-3243"]
[Site "http://www.queenalice.com/game.php?id=1277394"]
[Date "2014.4.29"]
[Round "1"]
[White "Karjaking"]
[Black "Jac"]
[Result "1-0"]
[WhiteElo "1542"]
[BlackElo "1741"]

1. Nf3 Nc6 2. e4 d6 3. d4 Bg4 4. Be3 e5 5. d5 Nce7 6. h3 Bh5 7. g4 Bg6 8. Nc3
Nf6 9. Bd3 h6 10. Nh4 Qd7 11. Nf5 Nxf5 12. gxf5 Bh7 13. Qe2 O-O-O 14. Bxa7 Be7
15. a4 c6 16. dxc6 Qxc6 17. Nb5 Nd7 18. Be3 Bxf5 19. Na7+ 1-0

[Event "AUTO-ADV-3135"]
[Site "http://www.queenalice.com/game.php?id=1277467"]
[Date "2014.4.30"]
[Round "1"]
[White "Eggchaser"]
[Black "Jac"]
[Result "1-0"]
[WhiteElo "1877"]
[BlackElo "1740"]

1. e4 e5 2. Nf3 Nc6 3. Nc3 Nf6 4. Bb5 a6 5. Bxc6 bxc6 6. Nxe5 Bb4 7. d3 Bxc3+ 8.
bxc3 Qe7 9. Nf3 O-O 10. O-O d6 11. Bg5 Bg4 12. h3 Bxf3 13. Qxf3 h6 14. Bxf6 Qxf6
15. Qxf6 gxf6 16. Rab1 Rab8 17. Rb3 c5 18. Rfb1 Rxb3 19. axb3 c6 20. c4 Rb8 21.
Ra1 Ra8 22. f4 Kg7 23. f5 h5 24. Kf2 h4 25. Kf3 Kh6 26. Kg4 Rg8+ 27. Kf3 Rg3+
28. Kf2 Kg5 29. Rxa6 Kf4 30. Rxc6 Rg8 31. Ra6 Ke5 32. Ra7 Kd4 33. Rxf7 Kc3 34.
Rxf6 Kxc2 35. Rxd6 Kxb3 36. Rd5 Kc3 37. Rd7 Rg3 38. f6 Rg6 39. e5 Rg5 40. Rd5
Kb4 41. e6 Rg6 42. f7 Rxe6 43. f8=Q 1-0

[Event "AUTO-ADV-3135"]
[Site "http://www.queenalice.com/game.php?id=1277468"]
[Date "2014.4.30"]
[Round "1"]
[White "Jac"]
[Black "Eggchaser"]
[Result "0-1"]
[WhiteElo "1751"]
[BlackElo "1866"]

1. e4 e6 2. Nc3 d5 3. exd5 exd5 4. d4 c6 5. Nf3 Bd6 6. Be3 Nf6 7. Bg5 Bg4 8. h3
Qe7+ 9. Qe2 Bxf3 10. Qxe7+ Bxe7 11. gxf3 Nbd7 12. Bxf6 Bxf6 13. Ne2 g6 14. O-O-O
O-O-O 15. h4 Rde8 16. Re1 Kc7 17. Bh3 Bg7 18. f4 f5 19. Nc3 Bxd4 20. Rxe8 Rxe8
21. f3 Bxc3 22. bxc3 Nf6 23. Kd2 Nh5 24. Re1 Rxe1 25. Kxe1 Nxf4 26. Bf1 Kd6 27.
Kf2 Ne6 28. Ke3 Ke5 29. Bd3 h6 30. a4 Nc5 31. a5 Nxd3 32. cxd3 f4+ 33. Kd2 c5
34. Ke2 b6 35. axb6 axb6 36. Kd2 b5 37. Ke2 d4 38. Kd2 dxc3+ 39. Kxc3 g5 40. h5
Kf5 41. d4 cxd4+ 42. Kxd4 g4 0-1

[Event "AUTO-ADV-3135"]
[Site "http://www.queenalice.com/game.php?id=1277479"]
[Date "2014.4.30"]
[Round "1"]
[White "C5"]
[Black "Jac"]
[Result "1-0"]
[WhiteElo "1922"]
[BlackElo "1761"]

1. e4 e5 2. Nf3 Nc6 3. Bc4 h6 4. d3 d6 5. Nc3 Nf6 6. h3 Be7 7. Be3 O-O 8. Nd5
Nxd5 9. Bxd5 Bd7 10. O-O a5 11. a4 Rb8 12. c3 Bg5 13. Nxg5 hxg5 14. Qh5 g4 15.
hxg4 g6 16. Qxg6+ 1-0

[Event "AUTO-ADV-3135"]
[Site "http://www.queenalice.com/game.php?id=1277480"]
[Date "2014.4.30"]
[Round "1"]
[White "Jac"]
[Black "C5"]
[Result "1-0"]
[WhiteElo "1731"]
[BlackElo "1733"]

1. e4 e5 2. Nc3 c6 3. Nf3 d6 4. d3 h6 5. Be2 Nf6 6. O-O Be7 7. a3 Nbd7 8. b4 a6
9. Bb2 O-O 10. d4 b5 11. dxe5 dxe5 12. Re1 Qc7 13. Bf1 Nb6 14. Ne2 Rd8 15. Qc1
Nc4 16. Rd1 Rxd1 17. Qxd1 Be6 18. Bc3 Rd8 19. Qe1 Nxe4 20. Ng3 Nxg3 21. fxg3 Bf6
22. Bxc4 Bxc4 23. Bxe5 Bxe5 24. Rd1 Rd5 25. Rxd5 Bxd5 26. Nxe5 Qe7 27. Nd3 Kf8
28. Qxe7+ Kxe7 29. Nc5 Kd6 30. Nxa6 Be4 31. c3 1-0

[Event "AUTO-ADV-3135"]
[Site "http://www.queenalice.com/game.php?id=1277485"]
[Date "2014.4.30"]
[Round "1"]
[White "twiddledeedum"]
[Black "Jac"]
[Result "0-1"]
[WhiteElo "1678"]
[BlackElo "1727"]

1. Nf3 Nc6 2. d4 d5 3. Nc3 Nf6 4. Bg5 Bg4 5. Bxf6 exf6 6. h3 Bxf3 7. exf3 Bb4 8.
Bb5 Qe7+ 9. Qe2 Qxe2+ 10. Kxe2 O-O 11. Bxc6 bxc6 12. Rhe1 Rfe8+ 13. Kf1 Bxc3 14.
Rxe8+ Rxe8 15. bxc3 Rb8 16. Ke2 Rb2 17. Kd2 a5 18. a4 g5 19. Ra3 Kf8 20. Kc1 Rb6
21. Rb3 Ke7 22. Rxb6 cxb6 23. Kd2 Ke6 24. Ke3 f5 25. f4 f6 26. g3 h5 27. fxg5
fxg5 28. f4 Kf6 29. fxg5+ Kxg5 30. Kf3 b5 31. h4+ Kg6 32. Kf4 Kf6 33. Ke3 bxa4
0-1

[Event "AUTO-ADV-3135"]
[Site "http://www.queenalice.com/game.php?id=1277486"]
[Date "2014.4.30"]
[Round "1"]
[White "Jac"]
[Black "twiddledeedum"]
[Result "1-0"]
[WhiteElo "1697"]
[BlackElo "1712"]

1. e4 e5 2. Nf3 d6 3. Bc4 h6 4. d4 Nc6 5. dxe5 Bg4 6. exd6 Qxd6 7. O-O O-O-O 8.
Qxd6 Rxd6 9. Bxf7 Bxf3 10. gxf3 Rf6 11. Bxg8 Rxg8 12. Nc3 Nd4 13. f4 Nxc2 14.
Rb1 Nd4 15. Rd1 Bc5 16. e5 Re6 17. Ne4 Bb6 18. Nc3 Rd8 19. Be3 Nf3+ 20. Kg2 Nh4+
21. Kg3 Nf5+ 22. Kf3 Bxe3 23. fxe3 g6 24. Rxd8+ Kxd8 25. Rd1+ Kc8 26. a4 a5 27.
Nb5 Re7 28. b3 b6 29. Na7+ Kb7 30. Nb5 g5 31. Nd4 Nxd4+ 32. Rxd4 c5 33. Rd6 Kc7
34. Rxh6 gxf4 35. exf4 Kb7 36. Ke4 Kc7 37. h4 Kb7 38. f5 1-0

[Event "2014"]
[Site "http://www.queenalice.com/game.php?id=1281504"]
[Date "2014.5.13"]
[Round "3"]
[White "RJGF"]
[Black "Jac"]
[Result "1-0"]
[WhiteElo "1824"]
[BlackElo "1740"]

1. d4 Nf6 2. c4 d5 3. Nc3 e6 4. cxd5 Nxd5 5. e4 Nxc3 6. bxc3 Be7 7. Nf3 Nc6 8.
Bb5 O-O 9. O-O Bd7 10. d5 exd5 11. exd5 Nb8 12. Bd3 Bg4 13. c4 Re8 14. h3 Bh5
15. g4 Bg6 16. Bxg6 fxg6 17. Bb2 Bh4 18. Qd4 Bf6 19. Qd2 Bxb2 20. Qxb2 b6 21.
Rfe1 Rxe1+ 22. Rxe1 Nd7 23. Ng5 1-0

[Event "ChessColossos"]
[Site "http://www.queenalice.com/game.php?id=1285750"]
[Date "2014.6.3"]
[Round "3"]
[White "popcorn"]
[Black "Jac"]
[Result "1-0"]
[WhiteElo "2252"]
[BlackElo "1747"]

1. d4 d5 2. c4 c6 3. Nf3 Bg4 4. Ne5 Be6 5. e3 Nf6 6. Nc3 Nbd7 7. Be2 Nxe5 8.
dxe5 Ne4 9. Nxe4 dxe4 10. Qxd8+ Rxd8 11. Bd2 g6 12. O-O-O Bg7 13. Bc3 Rxd1+ 14.
Rxd1 O-O 15. h3 f6 16. Bf1 a6 17. Bb4 Re8 18. Bc5 fxe5 19. Kc2 b5 20. Kc3 Kf8
21. b3 Kf7 22. a3 h5 23. Kb4 Rb8 24. Ka5 bxc4 25. Bxc4 Bxc4 26. bxc4 Rb2 27.
Kxa6 Rxf2 28. Kb6 Rxg2 29. Ra1 Bh6 30. a4 Rb2+ 31. Kxc6 Rb3 32. a5 Bxe3 33. Bxe3
Rxe3 34. a6 1-0

[Event "AUTO-ADV-3216"]
[Site "http://www.queenalice.com/game.php?id=1301618"]
[Date "2014.8.15"]
[Round "1"]
[White "Mateuzao_99"]
[Black "Jac"]
[Result "1-0"]
[WhiteElo "1952"]
[BlackElo "1719"]

1. e4 e5 2. Bc4 Nf6 3. d4 d6 4. dxe5 dxe5 5. Bxf7+ Kxf7 6. Qxd8 Bb4+ 7. Qd2
Bxd2+ 8. Bxd2 Nxe4 9. Be3 Bf5 10. c3 Nc6 11. Nf3 Rhd8 12. O-O Nf6 13. Na3 a6 14.
Rad1 Rxd1 15. Rxd1 h6 16. Nc4 e4 17. Nd4 Nxd4 18. Bxd4 Rd8 19. Re1 b5 20. Ne5+
Ke6 21. Nc6 Rd6 22. Nb4 g5 23. Bc5 Rd2 24. Nxa6 Kd5 25. Bd4 Ng4 26. Nxc7+ Kc6
27. Nxb5 Kxb5 28. a3 Ka4 29. Bg7 Rxb2 30. Ra1 Rc2 31. Bd4 h5 32. h3 Nh6 33. Bg7
Nf7 34. Rb1 Nd6 35. Bf8 Nc8 36. Bb4 g4 37. hxg4 Bxg4 38. Re1 Bf5 39. Rd1 Nb6 40.
Rd6 Nc4 41. Ra6+ Kb5 42. Rh6 Bg4 43. Rh8 Ka4 44. Ra8+ Kb3 45. a4 Ra2 46. a5 Nd6
47. Bxd6 1-0

[Event "AUTO-ADV-3216"]
[Site "http://www.queenalice.com/game.php?id=1301619"]
[Date "2014.8.15"]
[Round "1"]
[White "Jac"]
[Black "Mateuzao_99"]
[Result "0-1"]
[WhiteElo "1745"]
[BlackElo "1866"]

1. e4 e5 2. Nf3 Nf6 3. d3 Bc5 4. h3 O-O 5. Nc3 Nc6 6. Bg5 Be7 7. a3 d6 8. Be2
Bd7 9. O-O a6 10. Bxf6 Bxf6 11. Nh2 Re8 12. Ng4 Be7 13. Nd5 Nd4 14. Nxe7+ Qxe7
15. c3 Nxe2+ 16. Qxe2 f5 17. exf5 Bxf5 18. Rfe1 Qg5 19. Qe3 Qxe3 20. Nxe3 Bxd3
21. Nd5 Rac8 22. b4 e4 23. Ne3 c5 24. Rac1 c4 25. Nf5 Rcd8 26. Ne3 b5 27. Nd5
Rd7 28. f3 Re5 29. fxe4 Rxe4 30. Rxe4 Bxe4 31. Nf4 d5 32. Rd1 Re7 33. Kf2 Rf7
34. Kg3 g5 35. Nh5 h6 36. Ra1 Kh7 37. a4 Kg6 38. axb5 Kxh5 39. bxa6 Rd7 40. a7
d4 41. cxd4 Rd8 42. b5 c3 43. b6 Ba8 44. Rc1 Rxd4 45. Rxc3 Rd2 46. h4 Rxg2+ 47.
Kh3 g4# 0-1

[Event "AUTO-ADV-3216"]
[Site "http://www.queenalice.com/game.php?id=1301634"]
[Date "2014.8.15"]
[Round "1"]
[White "marcoswerneck"]
[Black "Jac"]
[Result "1-0"]
[WhiteElo "1883"]
[BlackElo "1712"]

1. e4 e5 2. d3 Nf6 3. Bg5 Be7 4. Bxf6 Bxf6 5. Nc3 Nc6 6. Nf3 d6 7. Qd2 Bg4 8.
Be2 Bxf3 9. Bxf3 O-O 10. O-O-O Nd4 11. Kb1 c6 12. h4 Nxf3 13. gxf3 Bxh4 14. f4
exf4 15. Qxf4 Bg5 16. Qg4 Bf6 17. Rdg1 a5 18. a3 1-0

[Event "AUTO-ADV-3216"]
[Site "http://www.queenalice.com/game.php?id=1301635"]
[Date "2014.8.15"]
[Round "1"]
[White "Jac"]
[Black "marcoswerneck"]
[Result "0-1"]
[WhiteElo "1703"]
[BlackElo "1892"]

1. e4 e5 2. Nf3 d6 3. Bc4 h6 4. d4 a6 5. dxe5 Bg4 6. exd6 Bxd6 7. Qd5 Be6 8.
Qxb7 Nd7 9. Bxe6 fxe6 10. Nc3 Ne7 11. Qb3 Rb8 12. Qxe6 Nc5 13. Qc4 Rb4 14. Qe2
O-O 15. O-O Ng6 16. a3 Rb7 17. Rd1 Nf4 0-1